Pokémon - Antagonistes - Jupiter (D/P/Pt) - Statistiques

Statistiques générales
  • Ce quiz a été pris 17 fois
  • Le résultat moyen est 58 sur 78
Statistiques - réponses
Hint Réponse % Correct
Archéodong
92%
Archéomire
92%
Moufflair
92%
Moufflair
92%
Moufflair
92%
Nosferalto
92%
Nosferalto
92%
Nosferapti
92%
Niv (D/P) 20
85%
Niv (Pt) 21
85%
Niv (Pt) 23
85%
Type Acier
85%
Type Acier
85%
Talent Attention
85%
Talent Attention
85%
Talent Attention
85%
Objet Baie Sitrus
85%
Objet Baie Sitrus
85%
Capacités Gyroballe
85%
Capacités Lance-Flamme
85%
Capacités Lance-Flamme
85%
Type Poison
85%
Type Poison
85%
Type Poison
85%
Type Poison
85%
Type Poison
85%
Type Poison
85%
Type Psy
85%
Type Psy
85%
Type Ténèbres
85%
Type Ténèbres
85%
Type Ténèbres
85%
Type Vol
85%
Type Vol
85%
Type Vol
85%
Niv (D/P) 41
77%
Niv (D/P) 41
77%
Niv (Pt) 44
77%
Niv (Pt) 44
77%
Niv 46
77%
Niv 58
77%
Niv 58
77%
Niv 60
77%
Talent Boom Final
77%
Talent Boom Final
77%
Capacités Cru-Aile
77%
Capacités Direct Toxik
77%
Capacités Direct Toxik
77%
Talent Lévitation
77%
Talent Lévitation
77%
Capacités Morsure
77%
Capacités Onde Folie
77%
Capacités Protection
77%
Capacités Protection
77%
Capacités Tranch'Air
77%
Capacités Tranch'Air
77%
Niv (D/P) 18
69%
Capacités Bomb-Beurk
69%
Capacités Bomb-Beurk
69%
Capacités Extrasenseur
69%
Capacités Extrasenseur
69%
Capacités Tranche-Nuit
69%
Capacités Tranche-Nuit
69%
Capacités Tranche-Nuit
69%
Capacité (D/P) Crochetvenin
62%
Capacités Giga-Sangsue
62%
Capacité (Pt) Giga-Sangsue
62%
Capacités Giga-Sangsue
62%
Talent Puanteur
62%
Capacités Éboulement
54%
Capacités Éboulement
54%
Capacités Gaz Toxik
46%
Capacités Grincement
46%
Capacités Regard Noir
23%
Capacités Regard Noir
23%
Capacités Brouillard
15%
Capacités Brouillard
15%
Capacités Brouillard
15%
Aucun quiz correspondant
Distribution des résultats
% des personnes avec chaque résultat
Percentile par nombre de réponses
Votre historique - résultats
Vous n’avez pas pris ce quiz